Tennis Players A-Z - Statistics

General Stats
  • This quiz has been taken 948 times
    186 since last reset
  • The average score is 13 of 23
Answer Stats
Player Country Rank Grand Slams Championships (or best result) % Correct
A Carlos Alcaraz Spain 2 (ATP) French Open (2024/25) Wimbledon (2023/24)US Open (2022/25)
98%
D Novak Djokovic Serbia 5 (ATP) Australian Open (2008/11/12/13/15/16/19/20/21/23) French Open (2016/21/23)Wimbledon (2011/14/15/18/19/21/22) US Open (2011/15/18/23)
93%
S Jannik Sinner Italy 1 (ATP) Australian Open (2024/25)Wimbledon (2025)
US Open (2024)
80%
F Taylor Fritz United States 4 (ATP) F US Open (2024)
80%
G Coco Gauff United States 3 (WTA) French Open (2025) US Open (2023)
76%
O Naomi Osaka Japan 16 (WTA) Australian Open (2019/21)US Open (2018/20)
76%
Z Alexander Zverev Germany 3 (ATP) F Australian Open (2025) F French Open (2024) F US Open (2020)
74%
M Lorenzo Musetti Italy 9 (ATP) SF French Open (2025) SF Wimbledon (2024)
72%
B Belinda Bencic Switzerland 11 (WTA) SF Wimbledon (2025)SF US Open (2025)
69%
R Elena Rybakina Kazakhstan 6 (WTA) Wimbledon (2022)
69%
C Francisco Cerúndolo Argentina 21 (ATP) 4R French Open (2023/24)
63%
P Jessica Pegula United States 5 (WTA) F US Open (2024)
63%
V Valentin Vacherot Monaco 30 (ATP) 1R French Open (2024)
59%
K Madison Keys United States 7 (WTA) Australian Open (2025)
57%
H Ugo Humbert France 37 (ATP) 4R Australian Open (2025)4R Wimbledon (2019/24)
55%
L Jiří Lehečka Czech Republic 17 (ATP) QF Australian Open (2023)QF US Open (2025)
48%
E Alexandra Eala Philippines 50 (ATP) 2R US Open (2025)
46%
T Clara Tauson Denmark 12 (WTA) 4R French Open (2024)4R Wimbledon (2025)
41%
N Linda Nosková Czech Republic 13 (WTA) QF Australian Open (2024)
34%
Q Ethan Quinn United States 67 (ATP) 3R French Open (2025)
28%
Y Dayana Yastremska Ukraine 27 (WTA) SF Australian Open (2024)
26%
J Maya Joint Australia 32 (WTA) 2R US Open (2024/25)
18%
W Adam Walton Australia 83 (ATP) 2R French Open (2025)
2R Wimbledon (2024) 2R US Open (2025)
16%
No matching quizzes found
Score Distribution
Percent of People with Each Score
Percentile by Number Answered
Your Score History
You have not taken this quiz since the last reset